Spricket24's Funny Words Quiz Stats

 Plays Quiz not verified by Sporcle

Score 0/38 Timer 05:00
0 Plays Today
Funny Word % Correct
shuttlecock
77.8%
hotpocket
66.7%
uvula
33.3%
gobsmack
22.2%
conundrum
22.2%
smithereens
22.2%
conniption
22.2%
persnickety
22.2%
vernacular
22.2%
kumquat
22.2%
squeegee
22.2%
cahoots
22.2%
indubitably
22.2%
cattywampus
22.2%
gonzo
22.2%
smorgasbord
11.1%
gobbly gook
11.1%
flabbergasted
11.1%
discombobulated
11.1%
Funny Word % Correct
lollygag
11.1%
canoodle
11.1%
hornswoggle
11.1%
rutabaga
11.1%
sprocket
11.1%
spricket
11.1%
comingle
11.1%
hullabaloo
11.1%
unitard
11.1%
shiboingen
11.1%
collywobble
11.1%
filibuster
11.1%
loquacious
11.1%
spelunking
11.1%
solacious
11.1%
bulbous
11.1%
masticate
11.1%
onomatopoeia
11.1%
Mississippi
11.1%

You're not logged in!

Compare scores with friends on all Sporcle quizzes.
OR
Log In

Show Comments

Extras

Created Nov 5, 2010ReportNominate
Tags:funny, put, video, youtube

Top Quizzes Today


Score Distribution

Your Account Isn't Verified!

In order to create a playlist on Sporcle, you need to verify the email address you used during registration. Go to your Sporcle Settings to finish the process.

Report this User

Report this user for behavior that violates our Community Guidelines.

Details: